[Event "Commonwealth-ch U14 Girls"]
[Site "New Delhi"]
[Date "2019.07.01"]
[Round "1.2"]
[White "Dhyana, Patel"]
[Black "Stuti, Aishwary"]
[Result "1-0"]
[WhiteElo "1900"]
[BlackElo "1276"]
[PlyCount "137"]
[EventDate "2019.07.01"]
[EventType "swiss"]
[EventRounds "7"]
[EventCountry "IND"]
[SourceTitle "EXT 2024"]
[Source "ChessBase"]
[SourceDate "2023.10.10"]
[SourceVersion "1"]
[SourceVersionDate "2023.10.10"]
[SourceQuality "1"]

1. e4 c5 2. Nf3 g6 3. d4 cxd4 4. Qxd4 Nf6 5. Nc3 Nc6 6. Qa4 d6 7. e5 dxe5 8. Nxe5 Qd4 9. Nxc6 Qxa4 10. Nxa4 bxc6 11. Bc4 Bf5 12. Bb3 Nd5 13. Bg5 Bg7 14. 0-0-0 e6 15. f3 e5 16. Bxd5 cxd5 17. Rxd5 0-0 18. Nc5 h6 19. Bh4 g5 20. Bf2 Rfd8 21. Rhd1 Rxd5 22. Rxd5 Rc8 23. c3 f6 24. Nb7 Rb8 25. Nd8 a6 26. Ba7 Rc8 27. Bb6 Kh7 28. a4 Kg6 29. g4 Rb8 30. gxf5+ Kxf5 31. a5 g4 32. fxg4+ Kxg4 33. Rd7 Bf8 34. Rf7 Bc5 35. Nc6 Rc8 36. Na7 Rf8 37. Rg7+ Kf5 38. Bxc5 Re8 39. Nc6 e4 40. Nd4+ Kf4 41. Rf7 Ke5 42. Re7+ Rxe7 43. Bxe7 f5 44. Kd2 f4 45. b4 f3 46. Ke3 Kd5 47. h4 h5 48. Nxf3 exf3 49. Kxf3 Kc4 50. Bf6 Kb5 51. Kf4 Kc4 52. Kg5 Kd5 53. Kxh5 Ke6 54. Kg6 Kd5 55. h5 Kc4 56. h6 Kb5 57. h7 Kc6 58. h8Q Kb5 59. Qe8+ Kc4 60. Qe6+ Kb5 61. Be7 Ka4 62. Qa2+ Kb5 63. c4+ Kc6 64. Qa4+ Kc7 65. Qe8 Kb7 66. Qd7+ Kb8 67. Bd6+ Ka8 68. Qc8+ Ka7 69. Qb8# 1-0

[Event "Commonwealth-ch U10 Girls"]
[Site "Delhi"]
[Date "2018.07.01"]
[Round "5.2"]
[White "Anupam, M Sreekumar"]
[Black "Stuti, Aishwary"]
[Result "1-0"]
[WhiteElo "1376"]
[BlackElo "1150"]
[PlyCount "129"]
[EventDate "2018.06.26"]
[EventType "swiss"]
[EventRounds "7"]
[EventCountry "IND"]
[SourceTitle "EXT 2024"]
[Source "ChessBase"]
[SourceDate "2023.10.10"]
[SourceVersion "1"]
[SourceVersionDate "2023.10.10"]
[SourceQuality "1"]

1. e4 e6 2. d4 d5 3. e5 c5 4. c3 Nc6 5. Nf3 Qb6 6. a3 Nh6 7. b4 cxd4 8. cxd4 Nf5 9. Bb2 Bd7 10. g4 Nh6 11. h3 Be7 12. Nc3 0-0 13. Bd3 f5 14. g5 Nf7 15. Na4 Qd8 16. h4 Qe8 17. Nc3 Rc8 18. Qd2 a6 19. h5 h6 20. gxh6 Nxh6 21. Ne2 Qd8 22. Rg1 Nf7 23. Rg6 Kh8 24. Nf4 Bg5 25. Nxg5 Nxg5 26. Rxg5 Kg8 27. Rg1 Ne7 28. h6 Rf7 29. hxg7 Rxg7 30. Rxg7+ Kxg7 31. Nh5+ Kf7 32. Qh6 Qh8 33. Qf6+ Qxf6 34. Nxf6 Ba4 35. Rc1 Rxc1+ 36. Bxc1 Kg6 37. Be2 Nc6 38. Bb2 b5 39. Nd7 Kf7 40. Nc5 a5 41. Nxa4 bxa4 42. b5 Nb8 43. Bc3 Ke7 44. Bxa5 Kd7 45. Bd1 Kc8 46. Bxa4 Kb7 47. Bc2 Nd7 48. Ke2 Ka7 49. Ba4 Nb8 50. Bc7 Kb7 51. Bxb8 Kxb8 52. Kf3 Kc7 53. Kf4 Kb6 54. Kg5 Ka5 55. Kf6 Kb6 56. Kxe6 f4 57. Kxd5 f3 58. e6 Kc7 59. b6+ Kxb6 60. e7 Kc7 61. e8Q Kb7 62. Bc6+ Ka6 63. Qa8+ Kb6 64. Qb7+ Ka5 65. Qb5# 1-0